<?xml version="1.0" encoding="UTF-8"?><?xml-stylesheet type="text/xsl" href="static/style.xsl"?><OAI-PMH xmlns="http://www.openarchives.org/OAI/2.0/" xmlns:xsi="http://www.w3.org/2001/XMLSchema-instance" xsi:schemaLocation="http://www.openarchives.org/OAI/2.0/ http://www.openarchives.org/OAI/2.0/OAI-PMH.xsd"><responseDate>2026-04-14T02:38:32Z</responseDate><request verb="GetRecord" identifier="oai:www.recercat.cat:10230/59469" metadataPrefix="marc">https://recercat.cat/oai/request</request><GetRecord><record><header><identifier>oai:recercat.cat:10230/59469</identifier><datestamp>2025-12-12T02:32:45Z</datestamp><setSpec>com_2072_6</setSpec><setSpec>col_2072_452952</setSpec></header><metadata><record xmlns="http://www.loc.gov/MARC21/slim" xmlns:dcterms="http://purl.org/dc/terms/" xmlns:xsi="http://www.w3.org/2001/XMLSchema-instance" xmlns:doc="http://www.lyncode.com/xoai" xsi:schemaLocation="http://www.loc.gov/MARC21/slim http://www.loc.gov/standards/marcxml/schema/MARC21slim.xsd">
   <leader>00925njm 22002777a 4500</leader>
   <datafield ind2=" " ind1=" " tag="042">
      <subfield code="a">dc</subfield>
   </datafield>
   <datafield ind2=" " ind1=" " tag="720">
      <subfield code="a">Llimós Fernández, Mireia</subfield>
      <subfield code="e">author</subfield>
   </datafield>
   <datafield ind2=" " ind1=" " tag="720">
      <subfield code="a">Segura Benedicto, Andreu</subfield>
      <subfield code="e">author</subfield>
   </datafield>
   <datafield ind2=" " ind1=" " tag="720">
      <subfield code="a">Benavides, Fernando G. (Fernando García)</subfield>
      <subfield code="e">author</subfield>
   </datafield>
   <datafield ind2=" " ind1=" " tag="260">
      <subfield code="c">2024-03-19T07:27:53Z</subfield>
   </datafield>
   <datafield ind2=" " ind1=" " tag="260">
      <subfield code="c">2024-03-19T07:27:53Z</subfield>
   </datafield>
   <datafield ind2=" " ind1=" " tag="260">
      <subfield code="c">2024</subfield>
   </datafield>
   <datafield ind2=" " ind1=" " tag="520">
      <subfield code="a">Las últimas crisis sanitarias han puesto de manifiesto la debilidad de las estructuras de salud pública en España. Las causas son, entre otras, la escasez de recursos económicos y el retraso en su modernización institucional, junto a la debilidad de los procesos formativos y de la empleabilidad. La Sociedad Española de Salud Pública y Administración Sanitaria (SESPAS) ha impulsado la elaboración del Libro blanco de la profesión de salud pública con el objetivo de contribuir a fortalecer el ejercicio profesional. Para ello se han descrito las características sociodemográficas de las asociaciones federadas a SESPAS y se ha analizado el discurso de los profesionales a través de seis grupos focales y 19 entrevistas en profundidad (72 personas). Con este material se realizó una reunión (29 personas) para consensuar conclusiones y recomendaciones. De las 3467 personas pertenecientes a las siete sociedades de SESPAS que proporcionaron datos, alrededor del 60% son mujeres y el 40% tienen menos de 50 años, siendo los estudios de grado de medicina (35,9%), enfermería (17,4%), farmacia y veterinaria (10,4%) los más frecuentes. En las entrevistas y grupos focales se identificaron como temas centrales la formación, la empleabilidad y la carrera profesional. En la reunión final se acordaron 25 conclusiones y 24 recomendaciones que pretenden contribuir a fortalecer a los/las profesionales y la profesión de la salud pública en España. Las relacionadas con la formación, la empleabilidad y la carrera profesional fueron compartidas en un Encuentro en la Escuela de Salud Pública de Menorca con responsables de salud pública del Ministerio de Sanidad y de algunas comunidades autónomas.</subfield>
   </datafield>
   <datafield tag="653" ind2=" " ind1=" ">
      <subfield code="a">Salud pública</subfield>
   </datafield>
   <datafield tag="653" ind2=" " ind1=" ">
      <subfield code="a">Profesionales</subfield>
   </datafield>
   <datafield tag="653" ind2=" " ind1=" ">
      <subfield code="a">Profesión</subfield>
   </datafield>
   <datafield tag="653" ind2=" " ind1=" ">
      <subfield code="a">SESPAS</subfield>
   </datafield>
   <datafield ind2="0" ind1="0" tag="245">
      <subfield code="a">La profesión de la salud pública en España: un reto urgente para fortalecer su práctica</subfield>
   </datafield>
   <datafield ind2="0" ind1="0" tag="245">
      <subfield code="a">The public health profession in Spain: an urgent challenge to strengthen its practice</subfield>
   </datafield>
</record></metadata></record></GetRecord></OAI-PMH>